Normal view MARC view

Entry Nombre personal

Number of records used in: 2

001 - NÚMERO DE CONTROL

  • campo de control: 19585

003 - IDENTIFICADOR DE NÚMERO DE CONTROL

  • campo de control: SpMaBN

005 - FECHA Y HORA DE LA ÚLTIMA TRANSACCIÓN

  • campo de control: 20250729012504.0

008 - ELEMENTOS DE DATO DE LONGITUD-FIJA

  • campo de control de longitud fija: 110429n|#azznnaabn |n aac ##

040 ## - FUENTE DE CATALOGACIÓN

  • Centro catalogador/agencia de origen: SpMaBN
  • Lengua de catalogación: spa
  • Centro/agencia transcriptor: SpMaBN
  • Normas de descripción: rdc
  • Convención/Normas de encabezamiento de materia/tesauro: embne

046 ## - FECHAS CON CODIFICACIÓN ESPECIAL

  • Fecha de nacimiento: 1875
  • Fecha de la muerte: 1915

100 1# - ENCABEZAMIENTO-NOMBRE DE PERSONA

  • Nombre de persona: Alcover, Antonio Miguel,
  • Fechas asociadas al nombre: 1875-1915

400 0# - TRAZADO DE VÉASE--NOMBRE DE PERSONA

  • Nombre de persona: Galeno,
  • Fechas asociadas al nombre: 1875-1915

670 ## - FUENTE DE DATOS ENCONTRADOS

  • Cita de la fuente: La villa de Sagua la Grande (República de Cuba), 1909

670 ## - FUENTE DE DATOS ENCONTRADOS

  • Cita de la fuente: Diccionario de la literatura cubana, 1980
  • Información encontrada: v. 1, p. 35 (Antonio Miguel Alcover y Beltrán, Sagua la Grande, Las Villas, 25-5-1875 -- La Habana 15-2-1915, periodista, político, historiador)